| 000 | 00819nam a22002537a 4500 | ||
|---|---|---|---|
| 005 | 20170123162313.0 | ||
| 010 | _aA-842186 | ||
| 020 | _c12.00 | ||
| 035 | _aA-842186 | ||
| 037 | _bCen Lib/Ret | ||
| 040 |
_aDPL _bUR |
||
| 082 |
_a841.08 _bا س م |
||
| 100 |
_aاسلم جیراجپوری _9108316 |
||
| 245 |
_a /حَیاتِ خامی _cاسلم جیراجپوری |
||
| 246 |
_aHayat-e-Jami / _bby Aslam Jayraajpuri |
||
| 260 |
_bمقتبہ جامہ لمیٹڈ _aنیی دہلی _c1987 |
||
| 270 |
_bنیی دہلی _aجامہ نگر _e110025 |
||
| 300 |
_a80p. _c21cm(pbk) |
||
| 650 |
_aاردو ادب _9113005 |
||
| 650 |
_aاردوافسانے _9113006 |
||
| 650 |
_aUrdu literature _9113007 |
||
| 650 |
_aUrdu stories _9113008 |
||
| 942 |
_2ddc _cUR _h841.08 _mا س م |
||
| 999 |
_c106542 _d106542 |
||